| 000 | 00471nam a22001697a 4500 | ||
|---|---|---|---|
| 999 |
_c18987 _d18987 |
||
| 008 | 210621b xxu||||| |||| 00| 0 eng d | ||
| 020 | _a0470065747 | ||
| 050 |
_aK1089 _b.C69 2014 c.1 |
||
| 100 | _aCox, Dennis | ||
| 245 |
_aHandbook of anti-money laundering _cDennis Cox |
||
| 260 |
_aU K _bWiley _c2014 |
||
| 300 | _avi, 745p. | ||
| 650 | _aMoney Laundering | ||
| 650 |
_aMoney _vlaw and legislation |
||
| 650 | _aMoney laundering investigation | ||
| 942 |
_2lcc _cBK |
||